<?xml version='1.0' encoding='UTF-8'?>
  <record xmlns="http://www.loc.gov/MARC21/slim">
    <leader>00000cem a2200000 i 4500</leader>
    <controlfield tag="001">ocm71396745</controlfield>
    <controlfield tag="003">OCoLC</controlfield>
    <controlfield tag="005">20250929211635.6</controlfield>
    <controlfield tag="007">aj aauun</controlfield>
    <controlfield tag="008">870715s1759    ne        u     0   dut d</controlfield>
    <datafield tag="040" ind1=" " ind2=" ">
      <subfield code="a">NLGGC</subfield>
      <subfield code="b">dut</subfield>
      <subfield code="e">fobidrtb</subfield>
      <subfield code="c">NLGGC</subfield>
      <subfield code="d">L2U</subfield>
      <subfield code="d">QGK</subfield>
      <subfield code="d">OCLCO</subfield>
      <subfield code="d">OCLCQ</subfield>
      <subfield code="d">OCLCA</subfield>
      <subfield code="d">OCLCL</subfield>
      <subfield code="d">OCLCQ</subfield>
    </datafield>
    <datafield tag="029" ind1="0" ind2=" ">
      <subfield code="a">NLGGC</subfield>
      <subfield code="b">040295680</subfield>
    </datafield>
    <datafield tag="034" ind1="1" ind2=" ">
      <subfield code="a">a</subfield>
      <subfield code="b">25000</subfield>
    </datafield>
    <datafield tag="035" ind1=" " ind2=" ">
      <subfield code="a">(OCoLC)71396745</subfield>
    </datafield>
    <datafield tag="045" ind1="0" ind2=" ">
      <subfield code="b">d1729</subfield>
    </datafield>
    <datafield tag="084" ind1=" " ind2=" ">
      <subfield code="a">74.20</subfield>
      <subfield code="2">bcl</subfield>
    </datafield>
    <datafield tag="100" ind1="1" ind2=" ">
      <subfield code="a">Leempoel, Wouter.</subfield>
    </datafield>
    <datafield tag="245" ind1="1" ind2="0">
      <subfield code="a">Deze landkaart van den Thieler Waard /</subfield>
      <subfield code="c">naar een tekening in 't groot ontworpen, door den landmeeter Wouter Leempoel, in den Jaare 1699; met daar in gevoegde geprojecteerde dwars-dyken, ter gelegenheid der zeven beruchte doorbraaken in den Dalemschen Dyk, in den Jaare 1729, door den landmeeter Hendrik Tas ; nu verkleint, als mede door nodige veranderingen, naar de jegenswoordige gesteldheid des lands (inzonderheid betreffende den loop der rivieren) verbeeterd, en doorgaans veel vermeerderd door den heer W.A. Bachiene, predikant te Maastricht ... ; word ... opgedragen, aan de ... Heeren, wier naamen en wapenen onder deze kaart gesteld zijn; door ... Johan Willem Kanneman, uitgever dezer landkaart ; J. van Jagen mappam sculpsit ; J.C. Philips figuras appost. fecit.</subfield>
    </datafield>
    <datafield tag="246" ind1="3" ind2=" ">
      <subfield code="a">Landkaart van den Thieler Waard</subfield>
    </datafield>
    <datafield tag="255" ind1=" " ind2=" ">
      <subfield code="a">[ca. 1:25.000].</subfield>
    </datafield>
    <datafield tag="260" ind1=" " ind2=" ">
      <subfield code="a">[S.l.] :</subfield>
      <subfield code="b">Johan Willem Kanneman,</subfield>
      <subfield code="c">[1759]</subfield>
    </datafield>
    <datafield tag="300" ind1=" " ind2=" ">
      <subfield code="a">1 kaart in 2 bladen. :</subfield>
      <subfield code="b">kopergrav. ;</subfield>
      <subfield code="c">elk blad 61,5x69,5, gehele kaart 61,5x139 cm.</subfield>
    </datafield>
    <datafield tag="336" ind1=" " ind2=" ">
      <subfield code="a">cartografische afbeelding</subfield>
      <subfield code="b">cri</subfield>
      <subfield code="2">rdacontent/dut</subfield>
    </datafield>
    <datafield tag="337" ind1=" " ind2=" ">
      <subfield code="a">zonder medium</subfield>
      <subfield code="b">n</subfield>
      <subfield code="2">rdamedia/dut</subfield>
    </datafield>
    <datafield tag="338" ind1=" " ind2=" ">
      <subfield code="a">vel</subfield>
      <subfield code="b">nb</subfield>
      <subfield code="2">rdacarrier/dut</subfield>
    </datafield>
    <datafield tag="500" ind1=" " ind2=" ">
      <subfield code="a">Met 21 wapenschilden.</subfield>
    </datafield>
    <datafield tag="507" ind1=" " ind2=" ">
      <subfield code="a">Schaal van een half uur gaans (= 8 cm).</subfield>
    </datafield>
    <datafield tag="510" ind1="0" ind2=" ">
      <subfield code="a">Donkersloot-de Vrij, Topografische kaarten van Nederland vóór 1750, nr. 772</subfield>
    </datafield>
    <datafield tag="650" ind1=" " ind2="7">
      <subfield code="a">74.20 geography of The Netherlands.</subfield>
      <subfield code="0">(NL-LeOCL)169910598</subfield>
      <subfield code="2">bcl</subfield>
    </datafield>
    <datafield tag="651" ind1=" " ind2="7">
      <subfield code="a">Tielerwaard.</subfield>
      <subfield code="2">gtt</subfield>
      <subfield code="0">(NL-LeOCL)09596259X</subfield>
    </datafield>
    <datafield tag="700" ind1="1" ind2=" ">
      <subfield code="a">Tas, H.</subfield>
    </datafield>
    <datafield tag="700" ind1="1" ind2=" ">
      <subfield code="a">Bachiene, Willem Albert,</subfield>
      <subfield code="d">1712-1783.</subfield>
      <subfield code="1">https://id.oclc.org/worldcat/entity/E39PCjGcpRbcQgc8TRtXyXjMrm</subfield>
    </datafield>
    <datafield tag="700" ind1="1" ind2=" ">
      <subfield code="a">Jagen, J. van</subfield>
      <subfield code="q">(Jan),</subfield>
      <subfield code="c">uitgever, kaartgraveur,</subfield>
      <subfield code="d">ca. 1710-1800.</subfield>
      <subfield code="1">https://id.oclc.org/worldcat/entity/E39PBJw8TxgqQ7Hq6ktd9W3WjC</subfield>
    </datafield>
    <datafield tag="700" ind1="1" ind2=" ">
      <subfield code="a">Philips, J.C.</subfield>
      <subfield code="q">(Jan Caspar),</subfield>
      <subfield code="d">ca. 1690-1775.</subfield>
      <subfield code="1">https://id.oclc.org/worldcat/entity/E39PCjKmY9Dpkp4Kwx68CTxbMK</subfield>
    </datafield>
    <datafield tag="700" ind1="1" ind2=" ">
      <subfield code="a">Kanneman, J.W.</subfield>
    </datafield>
    <datafield tag="700" ind1="1" ind2=" ">
      <subfield code="a">Leenen, Wilhelm</subfield>
      <subfield code="q">(Willem),</subfield>
      <subfield code="d">ca. 1690-1764.</subfield>
      <subfield code="1">https://id.oclc.org/worldcat/entity/E39PCjvQqT8wWVQrVC3QbCtqPP</subfield>
    </datafield>
    <datafield tag="710" ind1="0" ind2=" ">
      <subfield code="a">Kanneman, Johannes Willem (Zaltbommel)</subfield>
      <subfield code="4">prt</subfield>
      <subfield code="0">(NL-LeOCL)077158857</subfield>
    </datafield>
    <datafield tag="787" ind1="1" ind2="8">
      <subfield code="i">Inzet:</subfield>
      <subfield code="t">Kaarte vertoonende een geprojecteerde doorsnijding, gaande uit de Lingen naar de Merwe bij Gorinchem door W. Leenen</subfield>
    </datafield>
    <datafield tag="936" ind1=" " ind2=" ">
      <subfield code="a">BATCHLOAD</subfield>
    </datafield>
  </record>